Riconosci la Regione - Quiz n°18 - Statistics

Statistiche generali
  • Questo quiz è stato fatto 29 volte
  • Il punteggio medio è 9 su 10
Statistiche sulle risposte
Indizio Risposta % Corretto
Superficie 22 987,04 km²
100%
Popolazione 3 664 798 ab.
100%
Presidente Eugenio Giani (PD)
96%
Numero province 10
92%
PIL (nominale) 113 798 mln €
92%
Rappresentanza parlamentare 24 deputati 12 senatori
92%
Numero comuni 273
92%
Numero regioni italiane confinanti 5
92%
Patrono Madonna delle Grazie di Montenero
92%
Regione Toscana
92%
Nessun quiz corrispondente trovato
Distribuzione punteggi
Percentuale di utenti per punteggio
Percentile per numero di risposta
I tuoi punteggi nel tempo
Non hai fatto questo quiz